| 000 | 00000nam##2200000za#4500 |
| 001 | 9.570347 |
| 003 | CaOODSP |
| 005 | 20220901140008 |
| 007 | cr ||||||||||| |
| 008 | 150406|2003||||xxc|||||o f|0| 0 eng|d |
| 040 | |aCaOODSP|beng |
| 043 | |an-cn--- |
| 086 | 1 |aJ3-10/9E-PDF |
| 110 | 1 |aCanada.|bJustice Canada. |
| 245 | 14|aThe unmet need for criminal legal aid : |h[electronic resource]|ba summary of research results / |c[by] Ab Currie. |
| 260 | |aOttawa - Ontario : |bJustice Canada |c2003. |
| 300 | |a30p.|btables |
| 490 | 1 |aLegal aid research series|vrr03lars-9e |
| 590 | |a11-09-Supp|b2011-06-30 |
| 720 | 1 |aCurrie, Ab |
| 775 | 08|tLes besoins non satisfaits dans le domaine de l'aide juridique en matière pénale : |w(CaOODSP)9.601093 |
| 830 | #0|aLegal aid research series ;|vrr03lars-9e|w(CaOODSP)9.505670 |
| 856 | 40|ahttp://publications.gc.ca|qPDF|s589 KB|uhttps://publications.gc.ca/collections/collection_2011/jus/J3-10-9-eng.pdf|yrr03lars-9e |